[Event "5th EKA IIFL Investment 2019"]
[Site "Mumbai"]
[Date "2020.01.07"]
[Round "9.29"]
[White "Eraschenkov, Denis"]
[Black "Praveen Kumar C"]
[Result "1/2-1/2"]
[WhiteElo "2386"]
[BlackElo "2199"]
[Annotator "TA"]
[PlyCount "126"]
[EventDate "2019.12.30"]
[EventType "swiss"]
[EventCountry "IND"]
[SourceTitle "playchess.com"]
[Source "ChessBase"]
[SourceQuality "1"]

1. c4 Nf6 2. Nf3 c6 3. b3 d5 4. Bb2 g6 5. g3 Bg7 6. Bg2 O-O 7. O-O a5 8. cxd5 cxd5 9. d3 Nc6 10. Nc3 e5 11. Rc1 d4 12. Na4 Nd5 13. Nd2 Be6 14. a3 Qe7 15. Nc5 Bh6 16. Nxe6 Qxe6 17. Rc5 Nce7 18. Nc4 Rfc8 19. Rxa5 Rxa5 20. Nxa5 b6 21. Nc4 b5 22. Na5 Nc3 23. Qc2 Na4 24. Qb1 Nxb2 25. Qxb2 Rc3 26. b4 Qc8 27. Nb3 Rc2 28. Qa1 Qc3 29. Nc5 Rxe2 30. Bf3 Rc2 31. Qe1 Qxe1 32. Rxe1 f6 33. a4 Rb2 34. axb5 Rxb4 35. Nd7 Rxb5 36. Nxf6+ Kf7 37. Ne4 Ra5 38. Nd6+ Ke6 39. Nc4 Rc5 40. Ra1 Bf8 41. Ra6+ Kf7 42. Ra7 Kg8 43. h4 Nf5 44. Rd7 Ne7 45. Kg2 Kf7 46. Rb7 Kg8 47. Rd7 Kf7 48. Rb7 Kg8 49. Be4 Nf5 50. Rb6 Ne7 51. Bf3 Nf5 52. Bd1 Kg7 53. Bb3 Be7 54. Kf3 Bd8 55. Ra6 Bc7 56. Ke4 Nh6 57. Kf3 Ng8 58. Nd2 Ne7 59. Ne4 Rc6 60. Ra8 Rb6 61. Re8 Nf5 62. Bc4 Rb8 63. Re6 Rb6 1/2-1/2

[Event "5th EKA IIFL Investment 2019"]
[Site "Mumbai"]
[Date "2020.01.07"]
[Round "9.30"]
[White "Czebe, Attila"]
[Black "Kulkarni, Vinayak"]
[Result "1/2-1/2"]
[WhiteElo "2374"]
[BlackElo "2167"]
[Annotator "TA"]
[PlyCount "61"]
[EventDate "2019.12.30"]
[EventType "swiss"]
[EventCountry "IND"]
[SourceTitle "playchess.com"]
[Source "ChessBase"]
[SourceQuality "1"]

1. e4 c5 2. Nf3 Nc6 3. d4 cxd4 4. Nxd4 Nf6 5. Nc3 e5 6. Ndb5 d6 7. Bg5 a6 8. Na3 b5 9. Bxf6 gxf6 10. Nd5 f5 11. c3 Bg7 12. exf5 Bxf5 13. Nc2 Be6 14. g3 O-O 15. Bg2 Rc8 16. a4 Na5 17. axb5 axb5 18. O-O Nc4 19. b3 Nb6 20. Ncb4 Nxd5 21. Bxd5 Rxc3 22. Bxe6 fxe6 23. Ra6 d5 24. Rxe6 d4 25. Qg4 Qd7 26. Nd5 Qxd5 27. Re7 Rf7 28. Re8+ Rf8 29. Re7 Rf7 30. Re8+ Rf8 31. Re7 1/2-1/2

[Event "5th EKA IIFL Investment 2019"]
[Site "Mumbai"]
[Date "2020.01.07"]
[Round "9.31"]
[White "Parnali, S Dharia"]
[Black "Ameir, Moheb"]
[Result "1-0"]
[WhiteElo "2102"]
[BlackElo "2342"]
[Annotator "TA"]
[PlyCount "81"]
[EventDate "2019.12.30"]
[EventType "swiss"]
[EventCountry "IND"]
[SourceTitle "playchess.com"]
[Source "ChessBase"]
[SourceQuality "1"]

1. d4 d5 2. c4 c6 3. Nc3 Nf6 4. Nf3 dxc4 5. a4 Bf5 6. e3 e6 7. Bxc4 Bb4 8. O-O O-O 9. Qe2 Nbd7 10. e4 Bg6 11. e5 Nd5 12. Bd2 Be7 13. h3 a5 14. Rac1 N7b6 15. Bb3 Nb4 16. Ne4 N6d5 17. Rfd1 h6 18. Ne1 Qb6 19. Nc5 Na6 20. Bxd5 cxd5 21. Nd7 Qxb2 22. Nxf8 Bxf8 23. Qb5 Qxb5 24. axb5 Nb4 25. Rc7 a4 26. Rdc1 a3 27. Rc8 Ra4 28. Ra1 Nd3 29. Nc2 a2 30. b6 Nb2 31. Bb4 Bxc2 32. Bxf8 Nc4 33. Rb8 Na5 34. Ba3+ Kh7 35. Rxa2 Bd3 36. Ra1 Nb3 37. Rxb7 Nxa1 38. Ra7 Ra6 39. Bc5 Rxb6 40. Bxb6 Nc2 41. Rxf7 1-0

[Event "5th EKA IIFL Investment 2019"]
[Site "Mumbai"]
[Date "2020.01.07"]
[Round "9.32"]
[White "Pranesh M"]
[Black "Priyanka, K."]
[Result "1-0"]
[WhiteElo "2317"]
[BlackElo "2124"]
[Annotator "TA"]
[PlyCount "49"]
[EventDate "2019.12.30"]
[EventType "swiss"]
[EventCountry "IND"]
[SourceTitle "playchess.com"]
[Source "ChessBase"]
[SourceQuality "1"]

1. e4 c5 2. Nf3 d6 3. d4 cxd4 4. Nxd4 Nf6 5. Nc3 a6 6. Bg5 e6 7. f4 Qc7 8. Qf3 b5 9. a3 Nbd7 10. O-O-O Bb7 11. g4 Rc8 12. Bxf6 gxf6 13. Kb1 Nb6 14. Bd3 Nc4 15. Bxc4 Qxc4 16. f5 Be7 17. fxe6 fxe6 18. Qh3 Rc5 19. g5 Rxg5 20. Nxe6 Bc8 21. Nd5 Re5 22. Nec7+ Kf7 23. Qh6 Rg5 24. Nxe7 Qxc7 25. Rdf1 1-0

[Event "5th EKA IIFL Investment 2019"]
[Site "Mumbai"]
[Date "2020.01.07"]
[Round "9.33"]
[White "Pranav Vijay"]
[Black "Vasquez Schroeder, Rodrigo"]
[Result "1/2-1/2"]
[WhiteElo "2265"]
[BlackElo "2487"]
[Annotator "TA"]
[PlyCount "109"]
[EventDate "2019.12.30"]
[EventType "swiss"]
[EventCountry "IND"]
[SourceTitle "playchess.com"]
[Source "ChessBase"]
[SourceQuality "1"]

1. d4 e6 2. e4 d5 3. Nc3 Bb4 4. e5 c5 5. a3 Bxc3+ 6. bxc3 Ne7 7. h4 b6 8. h5 h6 9. Qg4 Kf8 10. Rh3 Ba6 11. Ne2 Nbc6 12. Rf3 Kg8 13. Nf4 Bc8 14. Nd3 cxd4 15. cxd4 Nf5 16. c3 Qh4 17. Qxh4 Nxh4 18. Rh3 Nf5 19. a4 Ba6 20. Ba3 Kh7 21. g4 Nfe7 22. Bg2 Rhe8 23. f4 Rad8 24. Ra2 Kg8 25. Rg3 g6 26. Rf2 Kh7 27. Rh3 gxh5 28. gxh5 Nf5 29. Rhf3 Nh4 30. Rh3 Nxg2+ 31. Rxg2 Rg8 32. Rgg3 Bxd3 33. Rxd3 Rg1+ 34. Kf2 Ra1 35. Bd6 Ra2+ 36. Kf1 Rg8 37. Rdg3 Rxg3 38. Rxg3 Rh2 39. Bf8 Rxh5 40. Rg7+ Kh8 41. Rxf7 Kg8 42. Rf6 Rf5 43. Rxf5 exf5 44. Bxh6 Kf7 45. Ke2 Na5 46. Kd3 Nc4 47. Bg5 Nb2+ 48. Kc2 Nxa4 49. Kb3 b5 50. Bd8 Ke8 51. Ba5 Kd7 52. Kb4 a6 53. Kb3 Kc6 54. Ka3 Kd7 55. Kb3 1/2-1/2

[Event "5th EKA IIFL Investment 2019"]
[Site "Mumbai"]
[Date "2020.01.07"]
[Round "9.34"]
[White "Raahul V S"]
[Black "Lugovskoy, Maxim"]
[Result "1/2-1/2"]
[WhiteElo "2252"]
[BlackElo "2466"]
[Annotator "TA"]
[PlyCount "139"]
[EventDate "2019.12.30"]
[EventType "swiss"]
[EventCountry "IND"]
[SourceTitle "playchess.com"]
[Source "ChessBase"]
[SourceQuality "1"]

1. c4 b6 2. Nc3 Bb7 3. d4 Nf6 4. Qc2 d5 5. cxd5 Nxd5 6. e4 Nxc3 7. bxc3 e6 8. Nf3 Be7 9. Bb5+ c6 10. Ba4 O-O 11. O-O b5 12. Bb3 c5 13. a4 cxd4 14. axb5 d3 15. Qd1 Nd7 16. Qxd3 Nc5 17. Qxd8 Rfxd8 18. Bc2 Nxe4 19. Bxe4 Bxe4 20. Nd4 e5 21. Nc6 Bxc6 22. bxc6 a5 23. Ba3 Kf8 24. Rfb1 f6 25. h4 Rdc8 26. Rb5 Rxc6 27. Rxa5 Rxa5 28. Bxe7+ Kxe7 29. Rxa5 Rxc3 30. Ra7+ Kf8 31. g3 Rc8 32. Kg2 Re8 33. Rb7 Re7 34. Rb8+ Kf7 35. Ra8 Rb7 36. Rh8 Kg6 37. Rc8 Kf5 38. Ra8 g6 39. Kf3 Rb3+ 40. Kg2 Rb7 41. Kf3 Rb3+ 42. Kg2 Rb4 43. Rh8 Rb7 44. Ra8 Rc7 45. Kf3 Rc3+ 46. Kg2 Rc4 47. Ra7 h6 48. Ra8 Rc6 49. Rh8 h5 50. Ra8 Rd6 51. Rg8 Rd2 52. Ra8 g5 53. hxg5 Kxg5 54. Rg8+ Kf5 55. Rh8 Kg6 56. Rg8+ Kh7 57. Rf8 Kg7 58. Re8 Rd4 59. Kh3 Rd2 60. Kg2 Kf7 61. Rh8 e4 62. Rxh5 e3 63. Kf3 exf2 64. Rh1 Kg6 65. Rf1 Kg5 66. Rxf2 Rxf2+ 67. Kxf2 f5 68. Kf3 Kg6 69. g4 fxg4+ 70. Kxg4 1/2-1/2

[Event "5th EKA IIFL Investment 2019"]
[Site "Mumbai"]
[Date "2020.01.07"]
[Round "9.35"]
[White "Konguvel, Ponnuswamy"]
[Black "Lokesh, N.."]
[Result "1/2-1/2"]
[WhiteElo "2367"]
[BlackElo "2240"]
[Annotator "TA"]
[PlyCount "72"]
[EventDate "2019.12.30"]
[EventType "swiss"]
[EventCountry "IND"]
[SourceTitle "playchess.com"]
[Source "ChessBase"]
[SourceQuality "1"]

1. e4 e5 2. Nf3 Nf6 3. Nxe5 d6 4. Nf3 Nxe4 5. Nc3 Nxc3 6. dxc3 Be7 7. Be3 O-O 8. Qd2 Nd7 9. O-O-O b6 10. h4 Bb7 11. h5 Nc5 12. Bc4 Ne4 13. Qd3 Bf6 14. Bd5 Bxd5 15. Qxd5 Re8 16. g4 h6 17. Rhe1 Qd7 18. Nd4 Bxd4 19. Qxd4 c5 20. Qd5 Nf6 21. Qd2 Nxg4 22. Rg1 Qe6 23. Rg3 Qxa2 24. Qe2 Nxe3 25. fxe3 Re5 26. Qg2 Rd8 27. Rxg7+ Kf8 28. Rg8+ Ke7 29. Qb7+ Rd7 30. Qa8 Rf5 31. Qf8+ Ke6 32. Qxh6+ Ke7 33. Qf8+ Ke6 34. Qh6+ Ke7 35. Qf8+ Ke6 36. Qh6+ Ke7 1/2-1/2

[Event "5th EKA IIFL Investment 2019"]
[Site "Mumbai"]
[Date "2020.01.07"]
[Round "9.36"]
[White "Ziatdinov, Raset"]
[Black "Kaustuv, Kundu"]
[Result "1/2-1/2"]
[WhiteElo "2204"]
[BlackElo "2349"]
[Annotator "TA"]
[PlyCount "86"]
[EventDate "2019.12.30"]
[EventType "swiss"]
[EventCountry "IND"]
[SourceTitle "playchess.com"]
[Source "ChessBase"]
[SourceQuality "1"]

1. e4 c5 2. Nf3 Nc6 3. Nc3 e5 4. Bc4 Nf6 5. Ng5 d5 6. exd5 Na5 7. Bb5+ Bd7 8. Qe2 Bxb5 9. Qxe5+ Qe7 10. Qxe7+ Bxe7 11. Nxb5 Nxd5 12. d3 a6 13. Nc3 Nb4 14. Kd1 h6 15. Nf3 O-O-O 16. Re1 Rhe8 17. a3 Nbc6 18. Ne5 Nxe5 19. Rxe5 Nc6 20. Rd5 b6 21. Bf4 g5 22. Be3 Bf6 23. Rxd8+ Rxd8 24. Rb1 Kb7 25. Ke2 Be5 26. h4 f5 27. Rh1 f4 28. Bd2 Nd4+ 29. Kd1 gxh4 30. Rxh4 Rg8 31. Bxf4 Rxg2 32. Ne2 Rxf2 33. Nxd4 Bxd4 34. Bxh6 Bxb2 35. a4 Bd4 36. Bd2 a5 37. c3 Bf6 38. Rh7+ Ka6 39. Rh5 Be7 40. Re5 Bd6 41. Re4 Kb7 42. Rg4 Kc6 43. Ke1 Rh2 1/2-1/2

[Event "5th EKA IIFL Investment 2019"]
[Site "Mumbai"]
[Date "2020.01.07"]
[Round "9.37"]
[White "Masango, Spencer"]
[Black "Sahoo, Utkal Ranjan"]
[Result "0-1"]
[WhiteElo "2181"]
[BlackElo "2329"]
[Annotator "TA"]
[PlyCount "98"]
[EventDate "2019.12.30"]
[EventType "swiss"]
[EventCountry "IND"]
[SourceTitle "playchess.com"]
[Source "ChessBase"]
[SourceQuality "1"]

1. Nf3 d5 2. c4 d4 3. g3 c5 4. b4 cxb4 5. a3 f6 6. Bg2 e5 7. O-O Na6 8. e3 Ne7 9. exd4 e4 10. Ne1 Qxd4 11. Nc2 Qxc4 12. axb4 f5 13. Ra3 Ng6 14. d3 Qd5 15. Qe1 Qf7 16. dxe4 f4 17. e5 Nc7 18. e6 Nxe6 19. Nd4 Bd6 20. Bd5 Be5 21. Nxe6 Bxe6 22. Bxe6 Qxe6 23. gxf4 Qf5 24. Qe2 Nxf4 25. Bxf4 Qxf4 26. Qb5+ Kf8 27. Rg3 Rd8 28. Re1 Bd4 29. Qe2 Qf7 30. Rf3 Bf6 31. Nc3 h5 32. Ne4 Rh6 33. Kh1 Qd5 34. Nc3 Qf7 35. Ne4 Rg6 36. Rf5 h4 37. Qf3 Kg8 38. Nc5 b6 39. Ne4 a6 40. Qf4 Qb7 41. f3 Qf7 42. Nf2 Qa2 43. Ng4 h3 44. Rg1 Bh4 45. Rh5 Rd1 46. Qb8+ Bd8 47. Qg3 Rxg1+ 48. Qxg1 Rc6 49. Nf2 Qd2 0-1

[Event "5th EKA IIFL Investment 2019"]
[Site "Mumbai"]
[Date "2020.01.07"]
[Round "9.38"]
[White "Wagh Suyog"]
[Black "Rathnakaran, K.."]
[Result "0-1"]
[WhiteElo "2219"]
[BlackElo "2322"]
[Annotator "TA"]
[PlyCount "94"]
[EventDate "2019.12.30"]
[EventType "swiss"]
[EventCountry "IND"]
[SourceTitle "playchess.com"]
[Source "ChessBase"]
[SourceQuality "1"]

1. b3 c5 2. Bb2 Nc6 3. Nf3 d5 4. e3 Bg4 5. Bb5 Rc8 6. O-O a6 7. Bxc6+ Rxc6 8. d3 Rg6 9. Nbd2 e6 10. Kh1 f6 11. Qe1 Ne7 12. c4 Rh6 13. Ng1 Nc6 14. f3 Bh5 15. e4 d4 16. a3 Ne5 17. Qe2 g5 18. g3 Bd6 19. Kg2 Rg8 20. b4 b6 21. a4 a5 22. bxc5 bxc5 23. Rfb1 Qc7 24. Bc1 Ke7 25. Rb5 Be8 26. Nb3 Bxb5 27. axb5 Ra8 28. Ra4 Rg6 29. Bd2 Rgg8 30. Kh1 h5 31. f4 gxf4 32. gxf4 Ng6 33. Nh3 Bxf4 34. Nxf4 Nxf4 35. Qf1 e5 36. Rxa5 Rxa5 37. Nxa5 Kf7 38. Nc6 Rg4 39. Qf3 Qc8 40. Bxf4 exf4 41. e5 Qa8 42. e6+ Ke8 43. Qf1 f3 44. h3 Rg7 45. h4 Rg4 46. Qxf3 Qa1+ 47. Kh2 Qg1+ 0-1

[Event "5th EKA IIFL Investment 2019"]
[Site "Mumbai"]
[Date "2020.01.07"]
[Round "9.39"]
[White "Sri Sai Baswanth P"]
[Black "Shailesh, Dravid"]
[Result "1-0"]
[WhiteElo "2027"]
[BlackElo "2311"]
[Annotator "TA"]
[PlyCount "61"]
[EventDate "2019.12.30"]
[EventType "swiss"]
[EventCountry "IND"]
[SourceTitle "playchess.com"]
[Source "ChessBase"]
[SourceQuality "1"]

1. c4 Nf6 2. g3 e6 3. Bg2 c5 4. Nf3 Nc6 5. Nc3 Be7 6. d4 cxd4 7. Nxd4 O-O 8. O-O a6 9. e4 Nxd4 10. Qxd4 d6 11. Rd1 Qc7 12. b3 Rd8 13. Be3 Bd7 14. Qb6 Qxb6 15. Bxb6 Rf8 16. c5 Ne8 17. e5 d5 18. Bxd5 exd5 19. Nxd5 Bd8 20. Rd2 f6 21. Bxd8 Rxd8 22. Nb6 fxe5 23. Nxd7 Nf6 24. Rad1 Nxd7 25. Rxd7 Rxd7 26. Rxd7 Rc8 27. b4 a5 28. a3 axb4 29. axb4 Rb8 30. Kg2 e4 31. Kf1 1-0

[Event "5th EKA IIFL Investment 2019"]
[Site "Mumbai"]
[Date "2020.01.07"]
[Round "9.40"]
[White "Pranav, Anand"]
[Black "Vatsal Singhania"]
[Result "1-0"]
[WhiteElo "2309"]
[BlackElo "2252"]
[Annotator "TA"]
[PlyCount "120"]
[EventDate "2019.12.30"]
[EventType "swiss"]
[EventCountry "IND"]
[SourceTitle "playchess.com"]
[Source "ChessBase"]
[SourceQuality "1"]

1. d4 Nf6 2. c4 e6 3. Nf3 d5 4. g3 dxc4 5. Bg2 a6 6. O-O Nc6 7. e3 Be7 8. Nbd2 O-O 9. Nxc4 Rb8 10. Bd2 b6 11. Qe2 Bb7 12. Rfd1 b5 13. Na5 Nxa5 14. Bxa5 Qd6 15. Rac1 Rfc8 16. b4 Nd5 17. a3 Nb6 18. Ne5 Bxg2 19. Kxg2 Bf6 20. Nc6 Ra8 21. e4 Nc4 22. Rxc4 bxc4 23. Qxc4 Be7 24. e5 Qd7 25. d5 exd5 26. Qxd5 Qxd5+ 27. Rxd5 Kf8 28. f4 Ke8 29. Kf3 Bf8 30. Ke4 Be7 31. f5 Bf8 32. g4 h6 33. h4 Be7 34. h5 Bf8 35. e6 Bd6 36. Rd3 Kf8 37. Kd5 Ke8 38. Rf3 f6 39. Kc4 Kf8 40. a4 Ke8 41. Rd3 Kf8 42. Rd4 Ke8 43. b5 Kf8 44. Bb4 axb5+ 45. Kxb5 Rab8+ 46. Nxb8 Rxb8+ 47. Kc6 Ke7 48. Bxd6+ cxd6 49. Rxd6 Rc8+ 50. Kd5 Ra8 51. Rd7+ Kf8 52. Rf7+ Kg8 53. Rc7 Kf8 54. Rc4 Ke7 55. Kc6 Rc8+ 56. Kb5 Rb8+ 57. Ka6 Kd6 58. a5 Ra8+ 59. Kb6 Rb8+ 60. Ka7 Kd5 1-0

[Event "5th EKA IIFL Investment 2019"]
[Site "Mumbai"]
[Date "2020.01.07"]
[Round "9.41"]
[White "Pranav, Shetty"]
[Black "Samant Aditya S"]
[Result "0-1"]
[WhiteElo "2162"]
[BlackElo "2296"]
[Annotator "TA"]
[PlyCount "54"]
[EventDate "2019.12.30"]
[EventType "swiss"]
[EventCountry "IND"]
[SourceTitle "playchess.com"]
[Source "ChessBase"]
[SourceQuality "1"]

1. Nf3 Nf6 2. c4 e6 3. g3 a6 4. Bg2 b5 5. b3 Bb7 6. Bb2 c5 7. O-O Be7 8. e3 Qb6 9. d3 O-O 10. Nbd2 Nc6 11. e4 d6 12. Qe2 Nd7 13. Ne1 Nd4 14. Bxd4 cxd4 15. f4 b4 16. Nc2 e5 17. Nf3 Bf6 18. Qd2 a5 19. f5 Nc5 20. Kh1 a4 21. Qxb4 Qc7 22. Rfd1 Rfb8 23. Qe1 axb3 24. axb3 Nxb3 25. Rab1 Nc5 26. Bf1 Na4 27. Na3 Bd8 0-1

[Event "5th EKA IIFL Investment 2019"]
[Site "Mumbai"]
[Date "2020.01.07"]
[Round "9.43"]
[White "Vantika Agrawal"]
[Black "Utsab Chatterjee"]
[Result "1/2-1/2"]
[WhiteElo "2287"]
[BlackElo "2200"]
[Annotator "ChessBase"]
[PlyCount "65"]
[EventDate "2019.12.30"]
[EventType "swiss"]
[EventCountry "IND"]
[SourceTitle "playchess.com"]
[Source "ChessBase"]
[SourceQuality "1"]

1. Nf3 d5 2. g3 Nf6 3. Bg2 e6 4. O-O Be7 5. d3 O-O 6. Nbd2 c5 7. e4 Nc6 8. Re1 Qc7 9. c3 b5 10. exd5 exd5 11. Nb3 h6 12. Bf4 Qb6 13. Ne5 Nxe5 14. Bxe5 Be6 15. d4 c4 16. Nc5 Bxc5 17. dxc5 Qxc5 18. Bxf6 gxf6 19. Qh5 Kg7 20. Rad1 Rad8 21. Rd4 Rh8 22. Red1 Rhe8 23. Rh4 Rh8 24. Rf4 Qc7 25. Re1 Rd6 26. Rxf6 Kxf6 27. Qe5+ Kg6 28. Qxh8 Rd8 29. Qd4 Qb6 30. Qe5 Qd6 31. Qd4 Qb6 32. Qe5 Qd6 33. Qd4 1/2-1/2

[Event "5th EKA IIFL Investment 2019"]
[Site "Mumbai"]
[Date "2020.01.07"]
[Round "9.44"]
[White "Nikhil Magizhnan"]
[Black "Mohite, Ranveer"]
[Result "1/2-1/2"]
[WhiteElo "2077"]
[BlackElo "2281"]
[Annotator "TA"]
[PlyCount "159"]
[EventDate "2019.12.30"]
[EventType "swiss"]
[EventCountry "IND"]
[SourceTitle "playchess.com"]
[Source "ChessBase"]
[SourceQuality "1"]

1. e4 c5 2. Nf3 d6 3. c3 Nf6 4. Bd3 Nc6 5. Bc2 Bg4 6. d3 e6 7. Nbd2 Be7 8. h3 Bh5 9. g4 Bg6 10. Nf1 c4 11. Ng3 cxd3 12. Bxd3 d5 13. Qe2 dxe4 14. Nxe4 Qd7 15. Bf4 Nxe4 16. Bxe4 Bxe4 17. Qxe4 Rd8 18. O-O O-O 19. Qe2 Qd3 20. Qxd3 Rxd3 21. Be3 Rfd8 22. Rfc1 e5 23. Kf1 f6 24. Ke2 Kf7 25. Rd1 Rxd1 26. Rxd1 Rc8 27. Nd2 Ke6 28. f4 g6 29. fxe5 Nxe5 30. Bxa7 Ra8 31. Bd4 Rxa2 32. Bxe5 Kxe5 33. Nc4+ Ke6 34. Rd2 Ra1 35. Rd1 Rxd1 36. Kxd1 Kd5 37. Ne3+ Ke4 38. Ke2 Bc5 39. Ng2 Ba7 40. c4 Bd4 41. b3 Ba7 42. b4 Bd4 43. c5 Be5 44. Ne3 Kd4 45. Kf3 Bh2 46. h4 Bg1 47. Ng2 Kc4 48. Nf4 Kxb4 49. Nd5+ Ka3 50. Nxf6 Bxc5 51. Nxh7 b5 52. Nf6 b4 53. Ne4 Bf8 54. Ke2 Ka2 55. h5 g5 56. Nd2 Kb2 57. Kd3 Kc1 58. Nb3+ Kb2 59. Kc4 Ka3 60. Nd4 Ka2 61. Nb3 Ka3 62. Nd4 Ka2 63. h6 Bxh6 64. Kxb4 Kb2 65. Ne6 Kc2 66. Kc4 Kd2 67. Kd4 Ke2 68. Ke4 Kf2 69. Kf5 Kg3 70. Nxg5 Bg7 71. Ne4+ Kh4 72. g5 Kh5 73. Nf6+ Kh4 74. Kg6 Bh8 75. Kh6 Bg7+ 76. Kg6 Bh8 77. Kf5 Bg7 78. g6 Bh8 79. Nd7 Kh5 80. Ke4 1/2-1/2

[Event "5th EKA IIFL Investment 2019"]
[Site "Mumbai"]
[Date "2020.01.07"]
[Round "9.45"]
[White "Saurabh Anand"]
[Black "Tiwari, Arjun"]
[Result "1-0"]
[WhiteElo "2269"]
[BlackElo "2101"]
[Annotator "TA"]
[PlyCount "101"]
[EventDate "2019.12.30"]
[EventType "swiss"]
[EventCountry "IND"]
[SourceTitle "playchess.com"]
[Source "ChessBase"]
[SourceQuality "1"]

1. e4 c5 2. Nf3 Nc6 3. Bb5 g6 4. Bxc6 dxc6 5. d3 Bg7 6. h3 e5 7. O-O Qe7 8. a3 Nf6 9. Nbd2 O-O 10. b4 Nh5 11. Nb3 cxb4 12. axb4 b6 13. Bb2 Nf4 14. Qe1 f6 15. d4 Bxh3 16. gxh3 Qe6 17. Bc1 Qxh3 18. Bxf4 exf4 19. Qd1 g5 20. Nh2 h5 21. Qf3 Qh4 22. Kg2 f5 23. exf5 Rxf5 24. Qxc6 f3+ 25. Kh1 Raf8 26. Rxa7 Rf4 27. Qd7 R8f7 28. Qe6 R4f6 29. Qd5 Rf5 30. Qd8+ Rf8 31. Qxb6 Rf4 32. Qc7 R4f7 33. Qc5 Rf4 34. Qd6 R8f6 35. Qc7 Rf7 36. Qc8+ Rf8 37. Qd7 R8f7 38. Qe6 R4f6 39. Qc4 Bf8 40. Rxf7 Rxf7 41. Nd2 Kg7 42. Qd5 g4 43. Ne4 Bxb4 44. Qe5+ Kg6 45. Ra1 Be7 46. Ra6+ Kh7 47. Qe6 Kg8 48. Qg6+ Kf8 49. Ra8+ Bd8 50. Nd6 Qe7 51. Rxd8+ 1-0

[Event "5th EKA IIFL Investment 2019"]
[Site "Mumbai"]
[Date "2020.01.07"]
[Round "9.46"]
[White "Audi Ameya"]
[Black "Kavinda, Akila"]
[Result "1-0"]
[WhiteElo "2360"]
[BlackElo "2022"]
[Annotator "RC"]
[PlyCount "59"]
[EventDate "2019.12.30"]
[EventType "swiss"]
[EventCountry "IND"]
[SourceTitle "playchess.com"]
[Source "ChessBase"]
[SourceQuality "1"]

1. e4 d6 2. d4 g6 3. Nc3 Bg7 4. Be3 a6 5. Qd2 b5 6. h4 Nf6 7. f3 h5 8. O-O-O c6 9. Kb1 Qc7 10. e5 dxe5 11. dxe5 Nd5 12. f4 O-O 13. Be2 Be6 14. Bf3 Rd8 15. Nge2 Qc8 16. Bc5 Bf8 17. Nd4 Bg4 18. Nxd5 cxd5 19. Bb6 Re8 20. Bxd5 Bxd1 21. Rxd1 Nd7 22. e6 fxe6 23. Bxe6+ Kh8 24. Qd3 Qb7 25. Qxg6 Nf6 26. Re1 Qxb6 27. Re5 Qxe6 28. Nxe6 Red8 29. Kc1 Rd6 30. Ng5 1-0

[Event "5th EKA IIFL Investment 2019"]
[Site "Mumbai"]
[Date "2020.01.07"]
[Round "9.49"]
[White "Senthil, Maran K"]
[Black "Barath Kalyan M"]
[Result "0-1"]
[WhiteElo "2305"]
[BlackElo "2091"]
[Annotator "RC"]
[PlyCount "56"]
[EventDate "2019.12.30"]
[EventType "swiss"]
[EventCountry "IND"]
[SourceTitle "playchess.com"]
[Source "ChessBase"]
[SourceQuality "1"]

1. Nf3 Nf6 2. c4 b6 3. g3 Bb7 4. Bg2 c5 5. O-O g6 6. d4 cxd4 7. Qxd4 Bg7 8. Qh4 O-O 9. Nc3 d6 10. Bg5 Nbd7 11. Rad1 Rc8 12. b3 a6 13. Nd5 Nxd5 14. cxd5 Nf6 15. Nd4 Bxd5 16. Bxd5 Nxd5 17. Nf5 f6 18. Nxg7 fxg5 19. Qh3 g4 20. Qh6 Nc7 21. Rc1 Qd7 22. Rc4 b5 23. Rc2 e6 24. Rfc1 Nd5 25. Nh5 Rxc2 26. Rxc2 gxh5 27. Qxh5 Qg7 28. Rc6 Qa1+ 0-1

[Event "5th EKA IIFL Investment 2019"]
[Site "Mumbai"]
[Date "2020.01.07"]
[Round "9.50"]
[White "Ram Prakash, R."]
[Black "Rakshitta Ravi"]
[Result "1-0"]
[WhiteElo "2191"]
[BlackElo "2260"]
[Annotator "TA"]
[PlyCount "79"]
[EventDate "2019.12.30"]
[EventType "swiss"]
[EventCountry "IND"]
[SourceTitle "playchess.com"]
[Source "ChessBase"]
[SourceQuality "1"]

1. e4 e5 2. Nf3 Nc6 3. Bb5 f5 4. Nc3 fxe4 5. Nxe4 Nf6 6. Qe2 d5 7. Nxf6+ gxf6 8. d4 Bg7 9. dxe5 O-O 10. exf6 Re8 11. Be3 Qxf6 12. c3 Bg4 13. O-O-O Re4 14. h3 Bh5 15. g4 Bf7 16. Ng5 Rxe3 17. Qxe3 d4 18. cxd4 Re8 19. Qd2 Bxa2 20. Rhe1 Rd8 21. Ne4 Qg6 22. Bxc6 bxc6 23. Qe3 c5 24. dxc5 Rb8 25. Re2 Qa6 26. Rd7 Bf7 27. Qd3 Qa1+ 28. Qb1 Qa4 29. Rxf7 Qc4+ 30. Kd1 Qxf7 31. Qd3 Qa2 32. Rd2 Re8 33. Ke2 Qe6 34. Kf3 Bh6 35. Re2 Rf8+ 36. Kg2 Qf7 37. Ng3 Bf4 38. Nf5 Qf6 39. Qc4+ Kh8 40. Qxf4 1-0

[Event "5th EKA IIFL Investment 2019"]
[Site "Mumbai"]
[Date "2020.01.07"]
[Round "9.51"]
[White "Souhardo Basak"]
[Black "Gaikwad, Siddhant"]
[Result "1-0"]
[WhiteElo "2254"]
[BlackElo "2028"]
[Annotator "ChessBase"]
[PlyCount "87"]
[EventDate "2019.12.30"]
[EventType "swiss"]
[EventCountry "IND"]
[SourceTitle "playchess.com"]
[Source "ChessBase"]
[SourceQuality "1"]

1. e4 c5 2. Nf3 d6 3. d4 cxd4 4. Nxd4 Nf6 5. Nc3 g6 6. Be3 Bg7 7. f3 O-O 8. Qd2 Nc6 9. g4 Be6 10. Nxe6 fxe6 11. O-O-O Qc8 12. h4 Ne5 13. h5 Nfd7 14. hxg6 hxg6 15. Qh2 Kf7 16. Be2 Nc4 17. Bd4 e5 18. Bf2 Qc6 19. g5 Rac8 20. Be1 b5 21. Bxc4+ Qxc4 22. b3 Qb4 23. Nd5 Qa3+ 24. Kb1 a5 25. Qd2 Qc5 26. Bf2 Qc6 27. Rh7 Rfe8 28. Ne3 Nf8 29. Rh2 Ne6 30. Ng4 Nxg5 31. Be3 Nxf3 32. Rf2 Qxe4 33. Nh2 Ke6 34. Nxf3 Kd7 35. Ng5 Qc6 36. Qe2 Bf6 37. Nh7 d5 38. Qg4+ Kc7 39. Nxf6 exf6 40. Qxg6 d4 41. Rxf6 Qc5 42. Rf7+ Kb8 43. Qe4 Rc6 44. Bxd4 1-0

[Event "5th EKA IIFL Investment 2019"]
[Site "Mumbai"]
[Date "2020.01.07"]
[Round "9.52"]
[White "Laddha, Shubh Jayesh"]
[Black "Sapaev, Maksad"]
[Result "0-1"]
[WhiteElo "1975"]
[BlackElo "2250"]
[Annotator "ChessBase"]
[PlyCount "94"]
[EventDate "2019.12.30"]
[EventType "swiss"]
[EventCountry "IND"]
[SourceTitle "playchess.com"]
[Source "ChessBase"]
[SourceQuality "1"]

1. e4 c5 2. Nf3 e6 3. g3 Nc6 4. Bg2 d6 5. O-O Nf6 6. Re1 Be7 7. c3 O-O 8. d4 cxd4 9. cxd4 d5 10. e5 Ne4 11. Nbd2 Nxd2 12. Bxd2 Qb6 13. Bc3 Bd7 14. Qd2 Rac8 15. h4 a6 16. Bf1 Na7 17. Rac1 Nc6 18. Bd3 f5 19. exf6 Rxf6 20. Kg2 Rcf8 21. Re3 Be8 22. Rf1 Bg6 23. Bxg6 Rxg6 24. Qd3 Rf5 25. Rxe6 Rxf3 26. Qxf3 Rxe6 27. Qxd5 Nd8 28. Kg1 Qc6 29. Qf5 Qe4 30. Qh5 g6 31. Qd1 Qd5 32. Re1 Bf6 33. Rxe6 Nxe6 34. Qa4 Nxd4 35. Qe8+ Kg7 36. Bb4 Qf7 37. Qe4 Nc6 38. Bc5 h5 39. b3 Qd7 40. Be3 Bd4 41. Bg5 Qf5 42. Qe2 Qe5 43. Qd2 Qxg3+ 44. Kf1 Qh3+ 45. Kg1 Be5 46. Qd5 Bh2+ 47. Kh1 Bg3+ 0-1

[Event "5th EKA IIFL Investment 2019"]
[Site "Mumbai"]
[Date "2020.01.07"]
[Round "9.53"]
[White "Jay Kundaliya"]
[Black "Jubin Jimmy"]
[Result "1-0"]
[WhiteElo "2088"]
[BlackElo "2193"]
[Annotator "ChessBase"]
[PlyCount "55"]
[EventDate "2019.12.30"]
[EventType "swiss"]
[EventCountry "IND"]
[SourceTitle "playchess.com"]
[Source "ChessBase"]
[SourceQuality "1"]

1. e4 c6 2. d4 d5 3. Nd2 dxe4 4. Nxe4 g6 5. Bc4 Bg7 6. Nf3 Nf6 7. Nxf6+ exf6 8. Qe2+ Qe7 9. Qxe7+ Kxe7 10. Bd2 Be6 11. Bb4+ Kd7 12. Bxe6+ fxe6 13. c4 Na6 14. Bc3 Rhe8 15. O-O-O Rad8 16. h4 Ke7 17. Rhe1 Kf7 18. g4 h6 19. g5 hxg5 20. hxg5 f5 21. Kc2 b6 22. a3 Bh8 23. Rh1 Bg7 24. Rh7 Kg8 25. Rdh1 Nb8 26. d5 Bxc3 27. Kxc3 exd5 28. Nd4 1-0